Am Ende der christlichen Welt: Karl Barth und die Säkularisierung
Die Zeit der Dominanz des Christentums ist vorbei. Bereits Karl Barth (1886–1968) schlug vor, sich nicht zurückzusehnen, sondern mit einer bescheideneren Rolle der Kirche in der Gesellschaft zu rechnen – und darauf zu vertrauen, dass auch die säkulare Welt nicht von Gott verlassen ist. Dieser Band b...
| Contributors: | ; |
|---|---|
| Format: | Electronic Book |
| Language: | German |
| Subito Delivery Service: | Order now. |
| Check availability: | HBZ Gateway |
| Interlibrary Loan: | Interlibrary Loan for the Fachinformationsdienste (Specialized Information Services in Germany) |
| Published: |
Zürich
TVZ Theologischer Verlag Zürich
2024
|
| In: | Year: 2024 |
| Standardized Subjects / Keyword chains: | B
Barth, Karl 1886-1968
B Barth, Karl 1886-1968 / Secularization / Religious pluralism |
| Further subjects: | B
Theology
B Collection of essays B Pluralität B Secularization B Barth B Pastorate |
| Online Access: |
Cover Volltext (lizenzpflichtig) |
| Parallel Edition: | Non-electronic
|
MARC
| LEADER | 00000cam a22000002c 4500 | ||
|---|---|---|---|
| 001 | 1895677106 | ||
| 003 | DE-627 | ||
| 005 | 20251227181009.0 | ||
| 007 | cr uuu---uuuuu | ||
| 008 | 240717s2024 xx |||||o 00| ||ger c | ||
| 020 | |a 9783290186388 |c PDF |9 978-3-290-18638-8 | ||
| 024 | 3 | |a 9783290186388 | |
| 035 | |a (DE-627)1895677106 | ||
| 035 | |a (DE-599)KEP10490609X | ||
| 035 | |a (UTB)9783290186388 | ||
| 035 | |a (DE-627-1)10490609X | ||
| 040 | |a DE-627 |b ger |c DE-627 |e rda | ||
| 041 | |a ger | ||
| 072 | 7 | |a 9540 |2 wsb | |
| 082 | 0 | |a 230.044092 |q SEPA |2 23/ger | |
| 082 | 0 | |a 261.092 |q SEPA |2 23/ger | |
| 084 | |a 1 |2 ssgn | ||
| 084 | |a BH 2206 |q SEPA |2 rvk |0 (DE-625)rvk/11590:11597 | ||
| 084 | |a 11.55 |2 bkl | ||
| 245 | 0 | 0 | |a Am Ende der christlichen Welt |b Karl Barth und die Säkularisierung |c Michael Pfenninger, Christiane Tietz |
| 264 | 1 | |a Zürich |b TVZ Theologischer Verlag Zürich |c 2024 | |
| 300 | |a 1 Online-Ressource (120 Seiten) | ||
| 336 | |a Text |b txt |2 rdacontent | ||
| 337 | |a Computermedien |b c |2 rdamedia | ||
| 338 | |a Online-Ressource |b cr |2 rdacarrier | ||
| 520 | |a Die Zeit der Dominanz des Christentums ist vorbei. Bereits Karl Barth (1886–1968) schlug vor, sich nicht zurückzusehnen, sondern mit einer bescheideneren Rolle der Kirche in der Gesellschaft zu rechnen – und darauf zu vertrauen, dass auch die säkulare Welt nicht von Gott verlassen ist. Dieser Band bietet eine facettenreiche Auseinandersetzung mit Barths Reaktion auf die Säkularisierung. Hilft sein Ansatz der Kirche heute weiter? Kann er im Gemeindealltag entlastend wirken? Was bedeutet er für das Verständnis des Pfarramts? Und wie kann man mit vereinnahmenden Tendenzen von Barths Denken umgehen? Die Beiträge von Oliver Albrecht, Christina Aus der Au, Reinhold Bernhardt, Ralph Kunz und Michael Pfenninger werfen in der Auseinandersetzung mit Karl Barth ein neues Licht auf die Herausforderungen von Kirche und Pfarramt im 21. Jahrhundert. | ||
| 650 | 4 | |a Barth | |
| 650 | 4 | |a Theologie | |
| 650 | 4 | |a Säkularisierung | |
| 650 | 4 | |a Pluralität | |
| 650 | 4 | |a Pfarramt | |
| 655 | 7 | |a Aufsatzsammlung |0 (DE-588)4143413-4 |0 (DE-627)105605727 |0 (DE-576)209726091 |2 gnd-content | |
| 689 | 0 | 0 | |d p |0 (DE-588)118506803 |0 (DE-627)139078401 |0 (DE-576)208856684 |2 gnd |a Barth, Karl |d 1886-1968 |
| 689 | 0 | |5 (DE-627) | |
| 689 | 1 | 0 | |d p |0 (DE-588)118506803 |0 (DE-627)139078401 |0 (DE-576)208856684 |2 gnd |a Barth, Karl |d 1886-1968 |
| 689 | 1 | 1 | |d s |0 (DE-588)4051238-1 |0 (DE-627)106178008 |0 (DE-576)209092149 |2 gnd |a Säkularisierung |
| 689 | 1 | 2 | |d s |0 (DE-588)4296178-6 |0 (DE-627)104164549 |0 (DE-576)210985100 |2 gnd |a Religiöser Pluralismus |
| 689 | 1 | |5 (DE-627) | |
| 700 | 1 | |8 1\p |e HerausgeberIn |0 (DE-588)1310943516 |0 (DE-627)1871024668 |4 edt |a Pfenninger, Michael |d 1991- | |
| 700 | 1 | |8 2\p |e HerausgeberIn |0 (DE-588)120930307 |0 (DE-627)080976107 |0 (DE-576)181704366 |4 edt |a Tietz, Christiane |d 1967- | |
| 776 | 1 | |z 9783290186371 | |
| 776 | 0 | 8 | |i Erscheint auch als |n Druck-Ausgabe |t Am Ende der christlichen Welt |d Zürich : TVZ Theologischer Verlag Zürich, 2024 |h 112 Seiten |w (DE-627)1888775831 |z 9783290186371 |z 3290186377 |k Non-Electronic |
| 856 | 4 | 0 | |u https://elibrary.utb.de/doi/book/10.34313/9783290186388 |m X:UTB |q application/pdf |x Verlag |z lizenzpflichtig |7 1 |
| 856 | 4 | 2 | |u http://elibrary.onixtools.de/Cover/9783290186388.jpg |m X:UTB |3 Cover |7 1 |
| 883 | |8 1\p |a cgwrk |d 20241001 |q DE-101 |u https://d-nb.info/provenance/plan#cgwrk | ||
| 883 | |8 2\p |a cgwrk |d 20241001 |q DE-101 |u https://d-nb.info/provenance/plan#cgwrk | ||
| 912 | |a ZDB-41-SRW | ||
| 912 | |a EBS-41-SEL | ||
| 912 | |a ZDB-41-SEL | ||
| 912 | |a ZDB-41-SRW |b 2024 |c 2 | ||
| 936 | r | v | |a BH 2206 |b Sekundärliteratur |k Theologie und Religionswissenschaften |k Evangelische Dogmatik |k Allgemeines |k Autoren |k Barth, Karl |k Sekundärliteratur |0 (DE-627)127343501X |0 (DE-625)rvk/11590:11597 |0 (DE-576)20343501X |
| 936 | b | k | |a 11.55 |j Protestantismus |q SEPA |0 (DE-627)106403907 |
| 951 | |a BO | ||
| ACO | |a 1 | ||
| ELC | |a 1 | ||
| ORI | |a SA-MARC-ixtheo_oa001.raw | ||
| REL | |a 1 | ||
| STA | 0 | 0 | |a Pastorate,Clergyman's office,Pastor's office,Pastor,Church management,Religious pluralism,Religion,Pluralism,Secularization,Secularization,Secularization,Order,Order,Order,Theology,Theology |
| STB | 0 | 0 | |a Ministère ecclésiastique,Presbytère,Presbytère,Paroisses,Pluralisme religieux,Sécularisation,Sécularisation,Sécularisation,Laïcité,Laïcité,Déchristianisation,Laïcité (motif),Laïcité,Théologie,Théologie |
| STC | 0 | 0 | |a Oficio de párroco,Pluralismo religioso,Secularización,Secularización,Secularización,Teología,Teología |
| STD | 0 | 0 | |a Pluralismo religioso,Secolarizzazione,Secolarizzazione,Secolarizzazione,Teologia,Teologia,Ufficio di parroco |
| STE | 0 | 0 | |a 世俗化,世俗化,俗化,俗化,宗教多元主义,宗教多元论,牧师职务,教士职务,神学家 |
| STF | 0 | 0 | |a 世俗化,世俗化,俗化,俗化,宗教多元主義,宗教多元論,牧師職務,教士職務,神學家 |
| STG | 0 | 0 | |a Ofício de pároco,Pluralismo religioso,Secularização,Secularização,Secularização,Teologia,Teologia |
| STH | 0 | 0 | |a Богословие (мотив),Богословие,Должность пастора,Религиозный плюрализм,Секуляризация (мотив),Секуляризация (каноническое право),Секуляризация |
| STI | 0 | 0 | |a Εκκοσμίκευση (μοτίβο),Εκκοσμίκευση (Κανονικό δίκαιο),Εκκοσμίκευση,Θεολογία (μοτίβο),Θεολογία,Θρησκευτικός πλουραλισμός,Ιεροσύνη,Αξίωμα του ιερέα |
| SUB | |a REL | ||
| SYE | 0 | 0 | |a Stadt Barth , Christliche Theologie , Saecularisatio,Ordensausschluss,Ordensaustritt,Orden,Orden,Entchristlichung,Entkirchlichung,Verweltlichung |
| SYG | 0 | 0 | |a Ba te,1886-1968,Baruto, Kāru,1886-1968,Baruto, Karu,1886-1968,Barth, Károly,1886-1968,Barŭt'ŭ, K'al,1886-1968,Bart, Karl,1886-1968,Barth, Carl,1886-1968,Bate,1886-1968,Kaer, Bate,1886-1968,Barth,1886-1968,Mpart, Karl,1886-1968 , Ba te,1886-1968,Baruto, Kāru,1886-1968,Baruto, Karu,1886-1968,Barth, Károly,1886-1968,Barŭt'ŭ, K'al,1886-1968,Bart, Karl,1886-1968,Barth, Carl,1886-1968,Bate,1886-1968,Kaer, Bate,1886-1968,Barth,1886-1968,Mpart, Karl,1886-1968 , Saecularisatio,Ordensausschluss,Ordensaustritt,Orden,Orden,Entchristlichung,Entkirchlichung,Verweltlichung , Religion,Religiöse Vielfalt |



